Name The Countries of Asia 35 second sprint - Statistics

General Stats
  • This quiz has been taken 82 times
  • The average score is 38 of 48
Answers on the Map
Answers color-coded by a green-red scale on the quiz's map according to % correct below.
 
Answer Stats
Answer % Correct
China
100%
Iran
100%
India
96%
Japan
96%
Mongolia
96%
Iraq
92%
Nepal
92%
Oman
92%
Pakistan
92%
Yemen
92%
Bhutan
88%
Myanmar
88%
Afghanistan
83%
Bangladesh
83%
North Korea
83%
Saudi Arabia
83%
South Korea
83%
Turkey
83%
United Arab Emirates
83%
Armenia
79%
Indonesia
79%
Kazakhstan
79%
Sri Lanka
79%
Taiwan
79%
Thailand
79%
Turkmenistan
79%
Israel
75%
Kuwait
75%
Laos
75%
Qatar
75%
Singapore
75%
Syria
75%
Vietnam
75%
Bahrain
71%
Cambodia
71%
Georgia
71%
Jordan
71%
Kyrgyzstan
71%
Malaysia
71%
Philippines
71%
Brunei
67%
Cyprus
67%
Azerbaijan
63%
East Timor
63%
Lebanon
63%
Uzbekistan
63%
Maldives
58%
Tajikistan
58%
No matching quizzes found
Score Distribution
Percent of People with Each Score
Percentile by Number Answered
Your Score History
You have not taken this quiz